Random Defunct Brands - Statistics

General Stats
  • This quiz has been taken 67 times
  • The average score is 7 of 20
Answer Stats
Picture Answer % Correct
Skype
89%
iTunes
86%
Blockbuster
79%
AOL Messenger
75%
Angry Birds Rio
67%
Internet Explorer
67%
Vine
67%
Sprint
63%
Party City
62%
ABS-CBN
55%
Google Play Music
50%
Jetix
50%
Mondex
50%
Marvel Toys
47%
Kids "R" Us
43%
Samsung+
40%
Oldsmobile
38%
Coca-Cola Telecommunications
36%
Jamejam
36%
Dreamworks Interactive
33%
GoAnimate For Schools
31%
Rede Tupi
31%
MSN Messenger
30%
Nick Candy
29%
Paqui
29%
BBC Jam
27%
Hit Entertainment
27%
Living TV Group
27%
Macromedia
27%
TV Globinho
27%
Cookie Jar Group
25%
Kissables
25%
Sparkle
23%
Banahaw Broadcasting Corporation
22%
Cortana
20%
Hit
20%
Google Shopping
17%
Lego Primo
17%
Matford
17%
Thunder Super Soda
15%
Yahooligans
15%
ABC Open
14%
PBS Kids Lab
14%
Presenter
8%
JioCinema
7%
Adults Only
6%
No matching quizzes found
Score Distribution
Percent of People with Each Score
Percentile by Number Answered
Your Score History
You have not taken this quiz